Top 5 Songs On This Old Dog (Mac DeMarco) - Statistics

General Stats
  • This quiz has been taken 54 times
    50 since last reset
  • The average score is 4 of 5
Answer Stats
Hint Answer % Correct
86,189,109 Moonlight On The River
89%
270,901,096 For The First Time
84%
87,614,438 On The Level
80%
141,579,174 Still Beating
73%
86,760,746 Watching Him Fade Away
71%
No matching quizzes found
Score Distribution
Percent of People with Each Score
Percentile by Number Answered
Your Score History
You have not taken this quiz since the last reset